Hodiny s příběhem /

Main Author: Pelíšek, Jaroslav
Language: Czech
Published: Benešov : RUAH, 2016
Edition: 1. vydání
Subjects:
Physical Description: 75 stran : ilustrace ; 21 x 31 cm
Book
Saved in:
LEADER 01705nam a2200505 i 4500
001 nkc20162770962
003 CZ PrNK
005 20160308145928.0
007 ta
008 160106s2016 xr a g 000 j cze
015 |a cnb002770962 
020 |a 978-80-260-9311-4  |q (vázáno) 
035 |a (OCoLC)944218871 
040 |a BOA001  |b cze  |d ABA001  |e rda 
072 7 |a 821.162.3-3  |x Česká próza  |2 Konspekt  |9 25 
080 |a 821.162.3-32  |2 MRF 
080 |a 681.111/.118  |2 MRF 
080 |a 82:7.04  |2 MRF 
080 |a (0:82-322.6)  |2 MRF 
080 |a (084.12)  |2 MRF 
100 1 |a Pelíšek, Jaroslav  |7 pna2008456628  |4 pht 
245 1 0 |a Hodiny s příběhem /  |c fotografie Jaroslav Pelíšek a příběhy, které psal čas L.p. 2016 
250 |a 1. vydání 
264 1 |a Benešov :  |b RUAH,  |c 2016 
300 |a 75 stran :  |b ilustrace ;  |c 21 x 31 cm 
336 |a text  |b txt  |2 rdacontent 
336 |a statický obraz  |b sti  |2 rdacontent 
337 |a bez média  |b n  |2 rdamedia 
338 |a svazek  |b nc  |2 rdacarrier 
500 |a 700 výtisků 
650 0 7 |a hodiny  |7 ph120772  |2 czenas 
650 0 7 |a literární náměty  |7 ph138213  |2 czenas 
650 0 9 |a clocks  |2 eczenas 
650 0 9 |a literary themes  |2 eczenas 
655 7 |a české příběhy  |7 fd133973  |2 czenas 
655 7 |a biografické příběhy  |7 fd131953  |2 czenas 
655 7 |a fotografické publikace  |7 fd132276  |2 czenas 
655 9 |a Czech stories  |2 eczenas 
655 9 |a biographical stories  |2 eczenas 
655 9 |a photographical works  |2 eczenas 
910 2 |a BOA001  |b 4-1361.790 
990 |a BK 
995 |a 01 
991 |b 201602  |c NOV 
996 6 |b 2610659677  |c 4-1361.790  |l MZK  |r Sklad / do 1 hodiny  |n 0  |p p.v.  |w 001544702  |u 000010  |a 1  |e BOA001  |j MZK50  |s P